000
00288nam a22001337a 4500
008
181012b xxu||||| |||| 00| 0 eng d
020
_a
0122530608
041
_a
eng
080
_2
2nd
_a
610
100
_a
4
101
_a
SHM
245
_a
Medical Virology
_c
Fenner,F.J
942
_2
udc
_c
BK
999
_c
49502
_d
49502